[Event "St Petersburg Korchnoi Memorial op"]
[Site "St Petersburg"]
[Date "2023.08.24"]
[Round "9"]
[White "Zagrebina, Marina"]
[Black "Ponomarev, Egor1111"]
[Result "0-1"]
[WhiteElo "1420"]
[BlackElo "1653"]
[PlyCount "48"]
[EventDate "2023.08.18"]
[EventType "swiss"]
[EventRounds "9"]
[EventCountry "RUS"]
[SourceTitle "EXT 2024"]
[Source "ChessBase"]
[SourceDate "2023.10.10"]
[SourceVersion "1"]
[SourceVersionDate "2023.10.10"]
[SourceQuality "1"]

1. d4 Nf6 2. c4 g6 3. Nc3 Bg7 4. Nf3 0-0 5. Bf4 d6 6. e3 Nbd7 7. Be2 b6 8. h3 Bb7 9. 0-0 Ne4 10. Nxe4 Bxe4 11. Nd2 Bb7 12. Bf3 Qc8 13. Re1 e5 14. Bxb7 Qxb7 15. dxe5 dxe5 16. Bg3 Nc5 17. Qc2 Rad8 18. Red1 e4 19. Rab1 a5 20. a3 Rd3 21. b4 axb4 22. axb4 Rc3 23. Qa2 Ra8 24. Qb2 Nd3 0-1

[Event "Cheliabinsk Variation-B"]
[Site "Cheliabinsk"]
[Date "2022.04.01"]
[Round "1"]
[White "Zagrebina, Marina"]
[Black "Kleymenova, Valeria"]
[Result "0-1"]
[WhiteElo "1477"]
[BlackElo "2047"]
[PlyCount "72"]
[EventDate "2022.04.01"]
[EventType "swiss"]
[EventRounds "9"]
[EventCountry "RUS"]
[SourceTitle "CBM 207 Extra"]
[Source "ChessBase"]
[SourceDate "2022.05.31"]
[SourceVersion "1"]
[SourceVersionDate "2022.05.31"]
[SourceQuality "1"]

1. d4 Nf6 2. c4 e6 3. Nf3 d5 4. Nc3 Be7 5. e3 0-0 6. cxd5 exd5 7. Be2 c6 8. 0-0 Bf5 9. b3 Nbd7 10. Bb2 Re8 11. Rc1 Bd6 12. h3 Qe7 13. Nd2 a5 14. Re1 b5 15. Bf3 Bb4 16. Ncb1 Rac8 17. Qe2 Nb6 18. Bc3 Bxc3 19. Nxc3 Qd6 20. Nd1 Qa3 21. Nc3 Ra8 22. Ndb1 Qd6 23. a4 b4 24. Nd1 Nfd7 25. Nb2 c5 26. dxc5 Nxc5 27. Nd2 Nbd7 28. Bg4 Bxg4 29. Qxg4 Ne5 30. Qd4 Ne6 31. Qh4 Rac8 32. Red1 Qa6 33. f4 Ng6 34. Qh5 Qb6 35. Kh1 Rxc1 36. Rxc1 Qxe3 0-1

[Event "Moscow op (Women) 17th"]
[Site "Moscow"]
[Date "2021.02.21"]
[Round "2"]
[White "Vasiljeva, Anna"]
[Black "Zagrebina, Marina"]
[Result "1-0"]
[WhiteElo "1797"]
[BlackElo "1382"]
[PlyCount "35"]
[EventDate "2021.02.20"]
[EventType "swiss"]
[EventRounds "9"]
[EventCountry "RUS"]
[SourceTitle "CBM 200 Extra"]
[Source "ChessBase"]
[SourceDate "2021.03.31"]
[SourceVersion "1"]
[SourceVersionDate "2021.03.31"]
[SourceQuality "1"]

1. e4 c5 2. c3 d5 3. exd5 Qxd5 4. d4 Nf6 5. Nf3 Bg4 6. Be2 cxd4 7. cxd4 Nc6 8. Nc3 Qa5 9. h3 Bh5 10. 0-0 e6 11. Be3 Be7 12. a3 Nd5 13. b4 Nxc3 14. bxa5 Nxd1 15. Rfxd1 0-0 16. Rab1 Bxa3 17. Rxb7 Nxa5 18. Rb5 1-0